| 000 | 01264cam a22003617i 4500 | ||
|---|---|---|---|
| 999 |
_c7404 _d7404 |
||
| 001 | 21205768 | ||
| 003 | OSt | ||
| 005 | 20211026141924.0 | ||
| 008 | 190521s2019 enk 000 0 eng d | ||
| 010 | _a 2018493618 | ||
| 015 |
_aGBB998461 _2bnb |
||
| 016 | 7 |
_a019419129 _2Uk |
|
| 020 |
_a9781906704278 _q(pbk.) |
||
| 020 | _a1906704279 | ||
| 035 | _a(OCoLC)on1104601576 | ||
| 040 |
_aUKMGB _beng _cDDC _erda _dOCLCO _dYDX _dOCLCF _dSTF _dOCLCQ _dDLC |
||
| 042 | _alccopycat | ||
| 043 | _af-ug--- | ||
| 050 | 0 | 0 |
_aUB419.U33 _bB36 2019 |
| 082 | 0 | 4 | _a308.6ART 2019 |
| 100 | 1 |
_aBainomugisha, Arthur; _eauthor. _915166 |
|
| 245 | 1 | 0 |
_aPeace-building in post-conflict societies : _bRehabilitation of former child soldiers in Northern Uganda. _cEdited by Bainomugisha,Arthur; |
| 264 | 1 |
_aLondon _bAdonis & Abbey Publishers, _c2019. |
|
| 300 |
_aix,323p _c24cm _bill; |
||
| 336 |
_atext _btxt _2rdacontent |
||
| 337 |
_aunmediated _bn _2rdamedia |
||
| 338 |
_avolume _bnc _2rdacarrier |
||
| 504 | _aIncludes; bibliographical references (pages 299-318) and index. | ||
| 650 | 0 |
_aPeace Building _913756 |
|
| 906 |
_a7 _bcbc _ccopycat _d3 _encip _f20 _gy-gencatlg |
||
| 942 |
_2ddc _cO_SHELF |
||